[Event "21.Wörishofen-Seniorenen op"]
[Site "Bad Wörishofen (03.03.-11.03)"]
[Date "2005.03.10"]
[Round "8.41"]
[White "Nietsch, Horst"]
[Black "Alefs, Heinz"]
[Result "1-0"]
[WhiteElo "1905"]
[BlackElo "1640"]
[PlyCount "87"]
[EventDate "2005.03.??"]
[Source "Chessorg"]
[SourceDate "2005.12.10"]

1. e4 c5 2. Nf3 Nc6 3. d4 cxd4 4. Nxd4 Nf6 5. Nc3 e5 6. Nb3 a6 7. Bd3 d6 8. O-O
Be7 9. Kh1 O-O 10. Nd5 Nxd5 11. exd5 Nb8 12. f4 f5 13. Be3 Nd7 14. c4 a5 15. a4
b6 16. Nd2 e4 17. Be2 Bf6 18. Rb1 Nc5 19. Qc2 Bd7 20. b3 g5 21. fxg5 Bxg5 22.
Bf4 Qf6 23. Qb2 Qh6 24. g3 Be8 25. Qc3 Bxf4 26. Rxf4 Qf6 27. Qxf6 Rxf6 28. Rbf1
e3 29. Ne4 Nxe4 30. Rxe4 fxe4 31. Rxf6 Rd8 32. g4 Kg7 33. g5 h5 34. h4 Bg6 35.
Kg2 Rf8 36. Rxf8 Kxf8 37. Kg3 Kg7 38. Kf4 Kf7 39. Kxe3 Ke7 40. Bd1 Kf7 41. Bc2
Bf5 42. Bxe4 Bg4 43. Bf3 Kg6 44. Bxg4 1-0

[Event "21.Wörishofen-Seniorenen op"]
[Site "Bad Wörishofen (03.03.-11.03)"]
[Date "2005.03.10"]
[Round "8.42"]
[White "Westermayer, Hans[Johann]"]
[Black "Fleckner, Hans"]
[Result "1/2-1/2"]
[WhiteElo "1509"]
[BlackElo "1723"]
[PlyCount "38"]
[EventDate "2005.03.??"]
[Source "Chessorg"]
[SourceDate "2005.12.10"]

1. Nf3 Nf6 2. g3 g6 3. c4 Bg7 4. Bg2 e6 5. d4 d5 6. cxd5 exd5 7. Bf4 O-O 8. O-O
c6 9. e3 Nh5 10. Bxb8 Rxb8 11. Nc3 Bg4 12. h3 Be6 13. a3 Qc8 14. Kh2 f5 15. Rc1
Qd8 16. b4 Qd6 17. Ne2 h6 18. Nf4 Nxf4 19. exf4 Bf6 1/2-1/2

[Event "21.Wörishofen-Seniorenen op"]
[Site "Bad Wörishofen (03.03.-11.03)"]
[Date "2005.03.10"]
[Round "8.43"]
[White "Mittelsteiner, Horst"]
[Black "Dombrowe, Eckehard"]
[Result "1/2-1/2"]
[WhiteElo "1614"]
[BlackElo "1631"]
[PlyCount "37"]
[EventDate "2005.03.??"]
[Source "Chessorg"]
[SourceDate "2005.12.10"]

1. e4 e6 2. d4 d5 3. e5 c5 4. c3 Qb6 5. Nf3 Nc6 6. a3 a5 7. Bd3 Bd7 8. Bc2 cxd4
9. cxd4 Nge7 10. O-O Nf5 11. Bxf5 exf5 12. Nc3 Be6 13. Qa4 Be7 14. Qb5 Qxb5 15.
Nxb5 O-O 16. h4 h6 17. g3 Rac8 18. Bd2 Rfd8 19. Rac1 1/2-1/2

[Event "21.Wörishofen-Seniorenen op"]
[Site "Bad Wörishofen (03.03.-11.03)"]
[Date "2005.03.10"]
[Round "8.44"]
[White "Luecke, Volkmar"]
[Black "Wittelsberger, Helmut"]
[Result "1/2-1/2"]
[WhiteElo "1863"]
[BlackElo "1794"]
[PlyCount "104"]
[EventDate "2005.03.??"]
[Source "Chessorg"]
[SourceDate "2005.12.10"]

1. Nf3 Nf6 2. g3 d5 3. Bg2 e6 4. O-O Bd6 5. d4 c5 6. c4 dxc4 7. dxc5 Bxc5 8.
Qxd8+ Kxd8 9. Bg5 Ke7 10. Ne5 Rd8 11. e3 Nbd7 12. Nxc4 h6 13. Bxf6+ Nxf6 14.
Nc3 Rb8 15. a3 a6 16. b4 Ba7 17. Rad1 Rxd1 18. Rxd1 Bd7 19. Ne5 Rc8 20. Nxd7
Nxd7 21. Ne4 Bb8 22. Nd2 Rc7 23. Nb3 b6 24. Nd4 Kd8 25. a4 Rc4 26. Nc6+ Kc7 27.
Rxd7+ Kxd7 28. Nxb8+ Kd6 29. Nxa6 Rc1+ 30. Bf1 Ra1 31. a5 bxa5 32. bxa5 Rxa5
33. Nb4 Ra1 34. Kg2 e5 35. Nc2 Rc1 36. Nb4 f6 37. Be2 Rb1 38. Nd3 Ra1 39. Bf3
f5 40. e4 Ra3 41. Nc1 fxe4 42. Bxe4 Ke6 43. Nd3 Kf6 44. Kf3 Rc3 45. h4 h5 46.
Ke3 Ra3 47. Bf3 g6 48. Be4 Rb3 49. f4 exf4+ 50. Kxf4 Rb5 51. Ke3 g5 52. hxg5+
Kxg5 1/2-1/2

[Event "21.Wörishofen-Seniorenen op"]
[Site "Bad Wörishofen (03.03.-11.03)"]
[Date "2005.03.10"]
[Round "8.45"]
[White "Thonig, Manfred"]
[Black "Kluge, Hans-Christof"]
[Result "1-0"]
[WhiteElo "1578"]
[BlackElo "1566"]
[PlyCount "107"]
[EventDate "2005.03.??"]
[Source "Chessorg"]
[SourceDate "2005.12.10"]

1. f4 Nf6 2. Nf3 d6 3. e3 g6 4. b3 Bg7 5. Bb2 O-O 6. Be2 b6 7. O-O Bb7 8. Qe1
Nbd7 9. c4 a5 10. d4 e6 11. Nbd2 Ng4 12. Bd3 f5 13. Ng5 Qe8 14. h3 Ngf6 15. Rc1
h6 16. Ngf3 c5 17. Qg3 Nh5 18. Qh2 Qe7 19. g4 Nhf6 20. g5 Ne4 21. Nh4 Kf7 22.
Ndf3 h5 23. a4 Rac8 24. Rc2 Nb8 25. Re2 Nd7 26. Nd2 d5 27. Nhf3 Rh8 28. h4 Rc7
29. cxd5 exd5 30. Qh3 Re8 31. Bb5 Bc6 32. Bxc6 Rxc6 33. Ne5+ Nxe5 34. fxe5 Qe6
35. Qg2 Rd8 36. Nxe4 dxe4 37. Qxe4 Qd5 38. Qxd5+ Rxd5 39. e4 Rd8 40. d5 Rcc8
41. e6+ Kf8 42. Bxg7+ Kxg7 43. exf5 Rxd5 44. f6+ Kf8 45. e7+ Kf7 46. Ree1 Rd4
47. Rd1 Rg4+ 48. Kh2 Rxh4+ 49. Kg3 Rg4+ 50. Kh3 Re8 51. Rd8 Rb4 52. Rxe8 Rxb3+
53. Kh2 Rb2+ 54. Kh1 1-0

[Event "21.Wörishofen-Seniorenen op"]
[Site "Bad Wörishofen (03.03.-11.03)"]
[Date "2005.03.10"]
[Round "8.46"]
[White "Gestrich, Wolfgang,Prof.Dr."]
[Black "Hommann, Horst"]
[Result "0-1"]
[WhiteElo "1442"]
[BlackElo "1609"]
[PlyCount "63"]
[EventDate "2005.03.??"]
[Source "Chessorg"]
[SourceDate "2005.12.10"]

1. c4 Nf6 2. Nc3 e5 3. g3 c6 4. Bg2 d6 5. e4 Be6 6. d3 Be7 7. Nge2 Na6 8. O-O
Qd7 9. f3 Bh3 10. g4 Bxg2 11. Kxg2 h5 12. h3 hxg4 13. hxg4 Nxg4 14. Rh1 Nh6 15.
Bxh6 Rxh6 16. Rxh6 gxh6 17. Qh1 Bg5 18. Ng3 O-O-O 19. a3 Nc5 20. Rd1 Ne6 21.
Nf5 Rg8 22. Kf2 Rg6 23. b4 Nd4 24. Nxd4 exd4 25. Ne2 Be3+ 26. Kf1 Qe7 27. Qh3+
Kc7 28. Qh5 Rg5 29. Qh2 Qf6 30. Qh3 Qg6 31. Qh2 Rh5 32. Qg1 0-1

[Event "21.Wörishofen-Seniorenen op"]
[Site "Bad Wörishofen (03.03.-11.03)"]
[Date "2005.03.10"]
[Round "8.47"]
[White "Paulsen, Eckart"]
[Black "Rudolph, Joachim"]
[Result "0-1"]
[WhiteElo "1636"]
[BlackElo "1683"]
[PlyCount "68"]
[EventDate "2005.03.??"]
[Source "Chessorg"]
[SourceDate "2005.12.10"]

1. e4 e6 2. d3 b6 3. Nd2 Bb7 4. g3 Nf6 5. Bg2 Be7 6. Ngf3 O-O 7. O-O Nc6 8. Re1
h6 9. c3 Nh7 10. d4 Qe8 11. Qe2 a5 12. b3 Rb8 13. Bb2 Nd8 14. c4 d6 15. Rac1
Ba6 16. Qd1 Nb7 17. Bf1 Qd7 18. Bd3 Ng5 19. Qc2 Nxf3+ 20. Nxf3 Rbd8 21. Qe2 c5
22. e5 d5 23. cxd5 Bxd3 24. Qxd3 Qxd5 25. Nd2 cxd4 26. Qa6 Nc5 27. Qf1 Qb7 28.
Rc4 a4 29. Bxd4 Rd5 30. Rec1 Rfd8 31. Bxc5 Bxc5 32. Qg2 Qe7 33. Ne4 Bb4 34. Rc7
Rd1+ 0-1

[Event "21.Wörishofen-Seniorenen op"]
[Site "Bad Wörishofen (03.03.-11.03)"]
[Date "2005.03.10"]
[Round "8.48"]
[White "Mahrla, Hans,Dr."]
[Black "Salomon, Heide"]
[Result "1/2-1/2"]
[WhiteElo "1626"]
[BlackElo "1523"]
[PlyCount "139"]
[EventDate "2005.03.??"]
[Source "Chessorg"]
[SourceDate "2005.12.10"]

1. e4 e5 2. Nf3 Nf6 3. Nxe5 d6 4. Nf3 Nxe4 5. d4 d5 6. Bd3 Be6 7. O-O Bd6 8.
Re1 f5 9. c4 O-O 10. c5 Be7 11. Nc3 Nc6 12. Ne2 Bf6 13. Nf4 Bf7 14. Be3 Qd7 15.
a3 Rfe8 16. b4 Rab8 17. Qc2 Nd8 18. Rab1 c6 19. Rb3 Ne6 20. Nxe6 Bxe6 21. Bf4
Rbd8 22. b5 g5 23. bxc6 bxc6 24. Be5 Qg7 25. Bxf6 Qxf6 26. Ne5 Bc8 27. f3 g4
28. fxe4 dxe4 29. Bc4+ Kf8 30. Qf2 Kg7 31. Rf1 h5 32. Nf7 Qxd4 33. Nxd8 Qxc4
34. Qb2+ Kg6 35. Nxc6 Qxc5+ 36. Qf2 Qxc6 37. Qxa7 Re6 38. Rfb1 Qc2 39. Rb6 e3
40. Rxe6+ Bxe6 41. Qb6 Qf2+ 42. Kh1 Qa2 43. Qb5 f4 44. Qe8+ Bf7 45. Qe4+ Kg7
46. Qe5+ Kh7 47. Qf5+ Kg7 48. Qe4 f3 49. gxf3 gxf3 50. Rg1+ Kf8 51. Qb4+ Ke8
52. Qb5+ Ke7 53. Qc5+ Kf6 54. Qg5+ Ke6 55. Qxe3+ Kd6 56. Rd1+ Bd5 57. Qf4+ Kc6
58. Rc1+ Kb7 59. Qb4+ Ka6 60. Qd6+ Ka7 61. Qc5+ Ka6 62. Qd6+ Ka7 63. Rc7+ Bb7
64. Qc5+ Kb8 65. Rxb7+ Kxb7 66. Qe7+ Kc6 67. Qf6+ Kc5 68. Qxf3 Qb1+ 69. Kg2
Qg6+ 70. Qg3 1/2-1/2

[Event "21.Wörishofen-Seniorenen op"]
[Site "Bad Wörishofen (03.03.-11.03)"]
[Date "2005.03.10"]
[Round "8.49"]
[White "Kaiser, Hans[35BGladbach]"]
[Black "Erdmann, Wolfgang"]
[Result "1/2-1/2"]
[WhiteElo "1612"]
[BlackElo "1533"]
[PlyCount "30"]
[EventDate "2005.03.??"]
[Source "Chessorg"]
[SourceDate "2005.12.10"]

1. d4 d5 2. c4 c6 3. cxd5 cxd5 4. Nf3 Nf6 5. Nc3 e6 6. Bg5 Be7 7. e3 Nc6 8. Bb5
Bd7 9. O-O O-O 10. Rc1 a6 11. Bxc6 bxc6 12. Ne5 h6 13. Bf4 Rc8 14. Qa4 Qb6 15.
Nxd7 Nxd7 1/2-1/2

[Event "21.Wörishofen-Seniorenen op"]
[Site "Bad Wörishofen (03.03.-11.03)"]
[Date "2005.03.10"]
[Round "8.50"]
[White "Frantzke, Helmut"]
[Black "Oser, Thor"]
[Result "1/2-1/2"]
[WhiteElo "1774"]
[BlackElo "1631"]
[PlyCount "59"]
[EventDate "2005.03.??"]
[Source "Chessorg"]
[SourceDate "2005.12.10"]

1. Nf3 d5 2. d3 e6 3. g3 Bd6 4. Nbd2 c6 5. Bg2 Nd7 6. O-O Ne7 7. e4 O-O 8. Qe2
Ng6 9. h4 Re8 10. h5 Nge5 11. Nh2 f6 12. f4 Nf7 13. c3 e5 14. f5 d4 15. Ng4 h6
16. Nf3 c5 17. Nh4 Ng5 18. Ng6 b6 19. c4 Bb7 20. Bxg5 fxg5 21. Rf3 Nf6 22.
Nxf6+ gxf6 23. Qd2 a5 24. Bf1 Bc6 25. Rf2 Qd7 26. Rg2 Kh7 27. Be2 b5 28. b3 b4
29. a4 Kg7 30. Kf2 1/2-1/2

[Event "21.Wörishofen-Seniorenen op"]
[Site "Bad Wörishofen (03.03.-11.03)"]
[Date "2005.03.10"]
[Round "8.51"]
[White "Blosze, Winfried"]
[Black "Kahler, Kurt"]
[Result "1-0"]
[WhiteElo "1688"]
[BlackElo "1673"]
[PlyCount "85"]
[EventDate "2005.03.??"]
[Source "Chessorg"]
[SourceDate "2005.12.10"]

1. e4 e6 2. d4 d5 3. exd5 exd5 4. Bd3 Bd6 5. Ne2 Bg4 6. Be3 Nd7 7. Nbc3 c6 8.
Qd2 Ne7 9. f3 Bh5 10. Nf4 Bg6 11. O-O-O Qc7 12. Nce2 a5 13. h4 Nb6 14. Nxg6
hxg6 15. Bf4 O-O-O 16. Bxd6 Qxd6 17. Qxa5 Kc7 18. Qd2 Ra8 19. Kb1 Ra4 20. c3
Rha8 21. Nc1 R4a5 22. h5 Nc4 23. Qe2 Rb5 24. Bxc4 dxc4 25. Qxc4 Nd5 26. Rd2 Qf4
27. Qd3 Re8 28. Re2 Rh8 29. c4 Nb4 30. Qe4 Qxe4+ 31. Rxe4 Rbxh5 32. Rxh5 Rxh5
33. Re7+ Kb6 34. c5+ Kb5 35. a3 Nd5 36. Rxb7+ Kc4 37. Rxf7 Kxd4 38. b4 Nc3+ 39.
Kc2 Nd5 40. Rxg7 Ne3+ 41. Kb3 Nxg2 42. Rxg6 Nf4 43. Rxc6 1-0

[Event "21.Wörishofen-Seniorenen op"]
[Site "Bad Wörishofen (03.03.-11.03)"]
[Date "2005.03.10"]
[Round "8.52"]
[White "Josting, Friedel"]
[Black "Kripp, Wolfgang"]
[Result "0-1"]
[WhiteElo "1886"]
[BlackElo "2038"]
[PlyCount "46"]
[EventDate "2005.03.??"]
[Source "Chessorg"]
[SourceDate "2005.12.10"]

1. d4 d5 2. Nf3 Nf6 3. Bg5 c6 4. Nbd2 Qb6 5. Rb1 h6 6. Bh4 Bf5 7. e3 Nbd7 8.
Bd3 Ne4 9. Qe2 e6 10. Ne5 Nxe5 11. dxe5 Nxd2 12. Qxd2 Bxd3 13. a3 Ba6 14. f4
Bc5 15. Bf2 d4 16. exd4 Be7 17. b4 Qc7 18. a4 Bc4 19. h4 a5 20. b5 cxb5 21.
axb5 O-O 22. c3 Qd7 23. g4 Qd5 0-1

[Event "21.Wörishofen-Seniorenen op"]
[Site "Bad Wörishofen (03.03.-11.03)"]
[Date "2005.03.10"]
[Round "8.53"]
[White "Erler, Klaus-Juergen"]
[Black "Weber, Siegfried[27Fechh']"]
[Result "1/2-1/2"]
[WhiteElo "1569"]
[BlackElo "1554"]
[PlyCount "125"]
[EventDate "2005.03.??"]
[Source "Chessorg"]
[SourceDate "2005.12.10"]

1. c4 d6 2. d4 Nd7 3. Nf3 g6 4. b3 Bg7 5. Bb2 Ngf6 6. e3 O-O 7. Be2 c5 8. O-O
Qc7 9. Qc2 a6 10. Nbd2 b6 11. Rab1 Bb7 12. d5 Ng4 13. Bxg7 Kxg7 14. h3 Ngf6 15.
Rfc1 Rfe8 16. Bd3 Ne5 17. Nxe5 dxe5 18. Qb2 Nd7 19. e4 Kg8 20. Rf1 Rad8 21. g3
Bc8 22. Nf3 f6 23. Rbd1 Qd6 24. Qd2 Kg7 25. Nh2 Rh8 26. Be2 Rdg8 27. Bg4 Nb8
28. Bxc8 Rxc8 29. Kg2 Rcg8 30. f4 Nd7 31. f5 g5 32. Rf2 h5 33. Kf3 Kf7 34. Rg1
Rg7 35. Rfg2 Nf8 36. h4 g4+ 37. Ke2 Rhg8 38. Rb1 a5 39. a3 Rh7 40. b4 axb4 41.
axb4 Nd7 42. b5 Rd8 43. Rgg1 Rhh8 44. Ra1 Ra8 45. Ra6 Rxa6 46. bxa6 Ra8 47. Ra1
Ra7 48. Qb2 Nb8 49. Qb5 Qc7 50. Nf1 Qc8 51. Qxb6 Rxa6 52. Rxa6 Nxa6 53. Qc6
Qxc6 54. dxc6 Kf8 55. Nd2 Ke8 56. Nb1 Kd8 57. Nc3 Kc7 58. Nd5+ Kd6 59. Kd2 Nc7
60. Kc3 Kxc6 61. Nxe7+ Kd7 62. Nd5 Ne8 63. Kd2 1/2-1/2

[Event "21.Wörishofen-Seniorenen op"]
[Site "Bad Wörishofen (03.03.-11.03)"]
[Date "2005.03.10"]
[Round "8.54"]
[White "Manfeldt, Alfred"]
[Black "Lange, Detlef"]
[Result "0-1"]
[WhiteElo "1554"]
[BlackElo "1635"]
[PlyCount "100"]
[EventDate "2005.03.??"]
[Source "Chessorg"]
[SourceDate "2005.12.10"]

1. d4 Nf6 2. Nf3 e6 3. e3 c5 4. Bd3 Nc6 5. c3 d5 6. Nbd2 Bd6 7. O-O O-O 8. dxc5
Bxc5 9. Re1 e5 10. e4 Qb6 11. Rf1 d4 12. cxd4 Bxd4 13. Nc4 Qc7 14. Nxd4 Nxd4
15. Ne3 Be6 16. Bd2 b6 17. Rc1 Qb7 18. f3 Bxa2 19. Nc4 Nb3 20. Rc2 Nxd2 21.
Rxd2 Bxc4 22. Bxc4 Qe7 23. Kh1 Qb4 24. b3 h6 25. Rd3 a5 26. Qd2 Qxd2 27. Rxd2
a4 28. bxa4 Rxa4 29. Be2 Rfa8 30. Kg1 Ra2 31. Rxa2 Rxa2 32. Kf2 Rb2 33. Rd1 Kf8
34. Ke3 Ke7 35. g4 Nd7 36. Rd5 f6 37. Rb5 Rxb5 38. Bxb5 Kd6 39. h4 Nc5 40. h5
Ne6 41. Ba4 Kc5 42. Bd7 Nd4 43. Ba4 Kb4 44. Bd1 Kc3 45. f4 b5 46. fxe5 fxe5 47.
Kf2 Kd2 48. Bf3 Nxf3 49. Kxf3 b4 50. g5 b3 0-1

[Event "21.Wörishofen-Seniorenen op"]
[Site "Bad Wörishofen (03.03.-11.03)"]
[Date "2005.03.10"]
[Round "8.55"]
[White "Weibrecht, Carl"]
[Black "Lamberger, Werner[39AUT]"]
[Result "1/2-1/2"]
[WhiteElo "1471"]
[BlackElo "1169"]
[PlyCount "70"]
[EventDate "2005.03.??"]
[Source "Chessorg"]
[SourceDate "2005.12.10"]

1. c4 Nf6 2. d4 g6 3. g3 Bg7 4. Bg2 d5 5. Nc3 dxc4 6. Qa4+ Qd7 7. Qxc4 Nc6 8.
Nf3 h6 9. Bf4 O-O 10. Nb5 Ne8 11. Rd1 Nd6 12. Nxd6 exd6 13. h4 Qe7 14. O-O Bd7
15. b4 a6 16. a3 b5 17. Qa2 Rae8 18. Rfe1 Nd8 19. e4 Nc6 20. Be3 Nd8 21. Nh2
Be6 22. d5 Bc8 23. Qd2 Kh7 24. Bd4 Bxd4 25. Qxd4 Qe5 26. Qd3 h5 27. f4 Qg7 28.
Nf3 Bg4 29. Ng5+ Kg8 30. Rc1 f6 31. Nf3 Bxf3 32. Bxf3 f5 33. e5 dxe5 34. fxe5
Rxe5 35. Rxe5 Qxe5 1/2-1/2

[Event "21.Wörishofen-Seniorenen op"]
[Site "Bad Wörishofen (03.03.-11.03)"]
[Date "2005.03.10"]
[Round "8.56"]
[White "Zunker, Reinhard,Dr."]
[Black "Storkebaum, Karl-Heinrich,Dr."]
[Result "1-0"]
[WhiteElo "2122"]
[BlackElo "1877"]
[PlyCount "89"]
[EventDate "2005.03.??"]
[Source "Chessorg"]
[SourceDate "2005.12.10"]

1. e4 c5 2. Nf3 d6 3. d4 cxd4 4. Nxd4 Nf6 5. Nc3 a6 6. Bc4 e6 7. Qe2 Qc7 8. Bb3
Nc6 9. Be3 Nxd4 10. Bxd4 Be7 11. O-O-O b5 12. e5 dxe5 13. Bxe5 Qc6 14. g4 O-O
15. Rhg1 Bb7 16. g5 Ne4 17. Qh5 Nxc3 18. Bxc3 Qf3 19. Qxf3 Bxf3 20. Rd7 Rfe8
21. Rg3 Bc6 22. Rd2 Rad8 23. f4 Rxd2 24. Kxd2 Bd6 25. Be5 Bxe5 26. fxe5 Rd8+
27. Rd3 Rxd3+ 28. Kxd3 Kf8 29. Kd4 Ke7 30. Kc5 Be8 31. c4 f5 32. Kb6 bxc4 33.
Bxc4 Bh5 34. Bxa6 f4 35. a4 Bd1 36. a5 f3 37. Bf1 Be2 38. Bh3 f2 39. a6 f1=Q
40. Bxf1 Bxf1 41. a7 Bg2 42. Kc7 Kf7 43. b4 Kg6 44. b5 Kxg5 45. b6 1-0

[Event "21.Wörishofen-Seniorenen op"]
[Site "Bad Wörishofen (03.03.-11.03)"]
[Date "2005.03.10"]
[Round "8.57"]
[White "Fanenbruck, Guenter"]
[Black "Dietze, Otto"]
[Result "1/2-1/2"]
[WhiteElo "1569"]
[BlackElo "1536"]
[PlyCount "40"]
[EventDate "2005.03.??"]
[Source "Chessorg"]
[SourceDate "2005.12.10"]

1. e4 d6 2. d4 g6 3. Be3 Bg7 4. Nc3 Nf6 5. h3 Nbd7 6. Nf3 O-O 7. Qd2 e5 8. d5
Nc5 9. Bxc5 dxc5 10. Be2 Ne8 11. Qe3 b6 12. a4 a5 13. Bb5 Bd7 14. O-O Nd6 15.
Qe2 h6 16. Nd2 Bxb5 17. Nxb5 Ne8 18. c4 Qd7 19. b3 f5 20. g4 Qf7 1/2-1/2

[Event "21.Wörishofen-Seniorenen op"]
[Site "Bad Wörishofen (03.03.-11.03)"]
[Date "2005.03.10"]
[Round "8.58"]
[White "Miessner, Rolf"]
[Black "Schielke, Klaus"]
[Result "1-0"]
[WhiteElo "1695"]
[BlackElo "1438"]
[PlyCount "23"]
[EventDate "2005.03.??"]
[Source "Chessorg"]
[SourceDate "2005.12.10"]

1. e4 e5 2. Nf3 d6 3. d4 Nd7 4. Bc4 Be7 5. O-O Ngf6 6. Bxf7+ Kxf7 7. Ng5+ Kg8
8. Ne6 Qe8 9. Nxc7 Qd8 10. Nxa8 Nxe4 11. dxe5 Nxe5 12. Qd5+ 1-0

[Event "21.Wörishofen-Seniorenen op"]
[Site "Bad Wörishofen (03.03.-11.03)"]
[Date "2005.03.10"]
[Round "8.59"]
[White "Malik, Heinz[36G'weil]"]
[Black "Seitz, Heinz[39Nbg]"]
[Result "1/2-1/2"]
[WhiteElo "1528"]
[BlackElo "1457"]
[PlyCount "43"]
[EventDate "2005.03.??"]
[Source "Chessorg"]
[SourceDate "2005.12.10"]

1. d4 e6 2. c4 Nf6 3. Nc3 d5 4. Bg5 c6 5. e3 Be7 6. Nf3 Nbd7 7. Rc1 a6 8. cxd5
cxd5 9. Bd3 O-O 10. O-O h6 11. Bh4 b5 12. Bxf6 Bxf6 13. Bb1 Be7 14. Qd3 f5 15.
Ne2 Bd6 16. a3 Bb7 17. b4 Nb6 18. Nf4 Qf6 19. Rc2 Rac8 20. Rfc1 Nc4 21. Nd2
Rfe8 22. Ne2 1/2-1/2

[Event "21.Wörishofen-Seniorenen op"]
[Site "Bad Wörishofen (03.03.-11.03)"]
[Date "2005.03.10"]
[Round "8.60"]
[White "Schoen, Siegfried"]
[Black "Narr, Irmgard"]
[Result "1/2-1/2"]
[WhiteElo "1545"]
[BlackElo "1449"]
[PlyCount "55"]
[EventDate "2005.03.??"]
[Source "Chessorg"]
[SourceDate "2005.12.10"]

1. e4 e6 2. d4 d5 3. Nd2 c5 4. exd5 exd5 5. Bb5+ Bd7 6. Qe2+ Be7 7. Ngf3 Nf6 8.
Bxd7+ Nbxd7 9. dxc5 O-O 10. O-O Bxc5 11. Nb3 Re8 12. Qd3 h6 13. Nxc5 Nxc5 14.
Qd1 Rc8 15. Nd4 Qd7 16. h3 Nce4 17. Be3 a6 18. c3 Qd6 19. Qf3 b5 20. Nf5 Qc6
21. Rad1 Kh7 22. Nd4 Qd7 23. Qf5+ Qxf5 24. Nxf5 g5 25. Rd3 Kg6 26. Nd4 Nd6 27.
Rfd1 Nc4 28. Bc1 1/2-1/2

[Event "21.Wörishofen-Seniorenen op"]
[Site "Bad Wörishofen (03.03.-11.03)"]
[Date "2005.03.10"]
[Round "8.61"]
[White "Antusch, Ingrid"]
[Black "Zacharias, Helmut"]
[Result "0-1"]
[WhiteElo "1422"]
[BlackElo "1340"]
[PlyCount "82"]
[EventDate "2005.03.??"]
[Source "Chessorg"]
[SourceDate "2005.12.10"]

1. f4 c5 2. Nf3 Nc6 3. e3 Nf6 4. c3 g6 5. d4 cxd4 6. exd4 e6 7. Bd3 Bg7 8. O-O
O-O 9. Nbd2 d5 10. Ne5 Nh5 11. Be2 Nf6 12. Bd3 Nh5 13. g4 Nf6 14. Qf3 Ne8 15.
Qh3 Nxe5 16. fxe5 f6 17. exf6 Nxf6 18. Nf3 Ne4 19. Bxe4 dxe4 20. Ng5 Rxf1+ 21.
Kxf1 Qf6+ 22. Kg2 h6 23. Nxe4 Qf8 24. Be3 g5 25. Rf1 Qe7 26. Qg3 Bd7 27. Kg1
Bc6 28. Nd2 e5 29. Nb3 e4 30. Nd2 b6 31. Qg2 b5 32. b3 a5 33. c4 bxc4 34. bxc4
Qa3 35. Qg3 Re8 36. Qc7 Qxe3+ 37. Kh1 Rf8 38. Qxc6 Rxf1+ 39. Nxf1 Qf3+ 40. Kg1
Bxd4+ 41. Ne3 Bxe3# 0-1

[Event "21.Wörishofen-Seniorenen op"]
[Site "Bad Wörishofen (03.03.-11.03)"]
[Date "2005.03.10"]
[Round "8.63"]
[White "Sieghardt, Walter"]
[Black "Kuhnert, Werner"]
[Result "1-0"]
[WhiteElo "1513"]
[BlackElo "1316"]
[PlyCount "75"]
[EventDate "2005.03.??"]
[Source "Chessorg"]
[SourceDate "2005.12.10"]

1. d4 d5 2. Nf3 Nf6 3. e3 e6 4. c4 c6 5. a3 Be7 6. b3 b6 7. Nc3 O-O 8. Bd3 Ba6
9. O-O dxc4 10. bxc4 c5 11. Bb2 Bb7 12. e4 cxd4 13. Nb5 Nc6 14. e5 Ne8 15.
Nbxd4 Nxd4 16. Bxd4 g6 17. Bc3 Ng7 18. Qe2 Bc6 19. Rfd1 Qc7 20. Nd4 Bd7 21. Bb4
Rfe8 22. Rac1 a5 23. Bxe7 Rxe7 24. Nb5 Qc5 25. Qb2 Ne8 26. Be4 Bc6 27. Bxc6
Qxc6 28. Qd4 Qc5 29. Rc3 Ng7 30. Rcd3 Nf5 31. Qc3 Kg7 32. Nd6 Rc7 33. Re1 Re7
34. Kf1 Kf8 35. Nxf5 gxf5 36. f4 Ree8 37. Rh3 Ke7 38. Rxh7 1-0

[Event "21.Wörishofen-Seniorenen op"]
[Site "Bad Wörishofen (03.03.-11.03)"]
[Date "2005.03.10"]
[Round "8.64"]
[White "Wolf, Margot"]
[Black "Buchner, Matthias"]
[Result "1/2-1/2"]
[WhiteElo "1321"]
[BlackElo "1456"]
[PlyCount "36"]
[EventDate "2005.03.??"]
[Source "Chessorg"]
[SourceDate "2005.12.10"]

1. d4 d5 2. Nf3 Nc6 3. Bf4 e6 4. e3 a6 5. c3 Nge7 6. Bd3 Ng6 7. Bg3 Be7 8. Nbd2
Bd7 9. O-O O-O 10. e4 dxe4 11. Bxe4 f5 12. Bxc6 Bxc6 13. h3 f4 14. Bh2 b5 15.
a3 Bd6 16. Re1 Re8 17. Qb3 Bd5 18. Qc2 Rc8 1/2-1/2

[Event "21.Wörishofen-Seniorenen op"]
[Site "Bad Wörishofen (03.03.-11.03)"]
[Date "2005.03.10"]
[Round "8.65"]
[White "Buss, Richard"]
[Black "Schafroth, Georg"]
[Result "1/2-1/2"]
[WhiteElo "1373"]
[BlackElo "1367"]
[PlyCount "53"]
[EventDate "2005.03.??"]
[Source "Chessorg"]
[SourceDate "2005.12.10"]

1. d4 Nf6 2. c4 d5 3. Nc3 c6 4. cxd5 cxd5 5. g3 b6 6. Bg2 Bb7 7. Nf3 e6 8. O-O
Be7 9. Re1 O-O 10. Qc2 h6 11. h4 Nc6 12. a3 Rc8 13. Qd3 Bd6 14. e4 dxe4 15.
Nxe4 Be7 16. Nc3 Re8 17. b4 a6 18. Bb2 Qc7 19. Rad1 Rcd8 20. Qe2 b5 21. Nb1 Ng4
22. Rc1 Qb8 23. Nbd2 Bf6 24. Ne4 Be7 25. Nc5 Bxc5 26. dxc5 f6 27. Rcd1 1/2-1/2

[Event "21.Wörishofen-Seniorenen op"]
[Site "Bad Wörishofen (03.03.-11.03)"]
[Date "2005.03.10"]
[Round "8.66"]
[White "Hennige, Anneliese"]
[Black "Block, Herbert"]
[Result "0-1"]
[WhiteElo "1034"]
[BlackElo "1402"]
[PlyCount "98"]
[EventDate "2005.03.??"]
[Source "Chessorg"]
[SourceDate "2005.12.10"]

1. Nf3 d6 2. e4 e5 3. d4 exd4 4. Nxd4 Nf6 5. Bd3 Nbd7 6. O-O Nc5 7. Re1 Bg4 8.
f3 Be6 9. Nc3 Be7 10. Qe2 O-O 11. b4 Nxd3 12. cxd3 c5 13. bxc5 dxc5 14. Nc2 h6
15. e5 Nh7 16. f4 Bf5 17. Rd1 Qc8 18. Ne3 Rd8 19. Ncd5 Bf8 20. Qf3 Qc6 21. Nxf5
Qxd5 22. Qg3 g6 23. Ne3 Qd4 24. Rb1 Bg7 25. h4 g5 26. hxg5 hxg5 27. fxg5 Bxe5
28. Qf3 Nxg5 29. Qe2 f6 30. Kf1 Qf4+ 31. Qf2 Qxf2+ 32. Kxf2 b6 33. Ng4 Bd4+ 34.
Kf1 Rac8 35. Nh6+ Kh7 36. Ng4 Kg6 37. Bd2 Rh8 38. Nf2 Rh4 39. Be1 Rf4 40. Rb3
Rh8 41. Ke2 Rh2 42. Rdb1 Rxg2 43. Kf1 Rg3 44. Rc1 Nf3 45. Ne4 Nh2+ 46. Ke2 Re3+
47. Kd2 Nf1+ 48. Kc2 Re2+ 49. Nd2 Rff2 0-1

[Event "21.Wörishofen-Seniorenen op"]
[Site "Bad Wörishofen (03.03.-11.03)"]
[Date "2005.03.10"]
[Round "8.68"]
[White "Malik, Rosemarie"]
[Black "Ludwig, Egbert"]
[Result "1-0"]
[WhiteElo "1335"]
[BlackElo "1098"]
[PlyCount "59"]
[EventDate "2005.03.??"]
[Source "Chessorg"]
[SourceDate "2005.12.10"]

1. e4 e6 2. d4 d5 3. exd5 exd5 4. Nc3 c6 5. Nf3 Bg4 6. h3 Bh5 7. Be2 Bd6 8. Be3
Ne7 9. g4 Bg6 10. Bd3 Bxd3 11. Qxd3 Nd7 12. Ne2 Nf6 13. Qb3 Qb6 14. Qxb6 axb6
15. O-O O-O 16. Nd2 Rfe8 17. c3 c5 18. b3 Nc6 19. Rfe1 Ra6 20. a4 cxd4 21. Nxd4
Nxd4 22. Bxd4 Ne4 23. Nxe4 dxe4 24. b4 b5 25. a5 Bf4 26. Ra2 Bc7 27. Rae2 b6
28. Rxe4 Rxe4 29. Rxe4 Ra8 30. axb6 1-0